Los cretinos / (Registro nro. 11845)

Detalles MARC
000 -LIDER
fixed length control field 00869nam a22002777a 4500
001 - NÚMERO DE CONTROL
Identificador de número de control 000657
003 - IDENTIFICACDOR DE NÚMERO DE CONTROL
control field DO-SdBNP
005 - DATE AND TIME OF LATEST TRANSACTION
control field 20180208124253.0
007 - CAMPOS FIJOS DE DESCRIPCIÓN FÍSICA
fixed length control field 000657
008 - ELEMENTOS DE LONGITUD FIJA
fixed length control field 161108b 2000 mx a ||||| |||| 00| 0 spa d
020 ## - ISBN
International Standard Book Number 9681905598
040 ## - FUENTE DE CATALOGACIÓN
Agencia que crea de manera original el registro BPMSU
Idioma de catalogación spa
Agencia que realiza la transcripción BPMSU
100 1# - ASIENTO PRINCIPAL -- NOMBRE PERSONAL
Nombre personal Dahl, Roald,
Fechas asociadas con el nombre 1916-
240 10 - TITULO UNIFORME
Título uniforme The Twits.
Idioma de una obra Español
245 10 - MENCIÓN DE TITULO
Título Los cretinos /
Mención de responsabilidad Roald Dahl ; ilustraciones Quentin Blake.
260 ## - PUBLICACIÓN, DISTRIBUCIÓN, ETC. (PIE DE IMPRENTA)
Lugar de publicación, distribución, etc México :
Nombre del editor, distribuidor, etc. Alfaguara,
Fecha de publicación, distribución, etc 2003.
300 ## - DESCRIPCIÓN FÍSICA
Extensión 103 p. :
Otros detalles físicos il. ;
Dimensiones 20 cm.
490 1# - MENCIÓN DE SERIES
Mención de serie Alfaguara infantil
500 ## - NOTA GENERAL
Nota general Incluye datos biográficos del autor en la solapa de la contracubierta.
500 ## - NOTA GENERAL
Nota general Para niños a partir de los 10 años.
700 12 - ASIENTO SECUNDARIO -- NOMBRE PERSONAL
Nombre personal Blake, Quentin,
Mención de responsabilidad il.
830 #0 - ASIENTO SECUNDARIO DE SERIE--TÍTULO UNIFORME
Título uniforme Alfaguara infantil
942 ## - ADDED ENTRY ELEMENTS (KOHA)
Source of classification or shelving scheme Dewey Decimal Classification
Koha item type Libros
945 ## - INFORMACIÓN DE PROCESAMIENTO LOCAL
Información de procesamiento local Inventariado, 2018/MFF
956 ## - LOCAL ELECTRONIC LOCATION AND ACCESS (OCLC)
Método de acceso LOPEREZ
Materiales especificados 10
Enlace BPMSU
Campo enlazado y núm. de secuencia 20161108
Nombre de host 00041
Existencias
Withdrawn status Lost status Source of classification or shelving scheme Damaged status Not for loan Collection code Home library Current library Date acquired Source of acquisition Total Checkouts Barcode Date last seen Price effective from Koha item type Copy number
    Dewey Decimal Classification     Colección Infantil General Biblioteca Pública Metropolitana Salomé Ureña Biblioteca Pública Metropolitana Salomé Ureña 11/08/2016 Alfaguara   BPMSU16110180 11/08/2016 11/08/2016 Libros  
    Dewey Decimal Classification     Colección Infantil General Biblioteca Pública Metropolitana Salomé Ureña Biblioteca Pública Metropolitana Salomé Ureña 02/08/2018 Alfaguara   BPMSU18020102 02/08/2018 02/08/2018 Libros e.2
    Dewey Decimal Classification     Colección Infantil General Biblioteca Pública Metropolitana Salomé Ureña Biblioteca Pública Metropolitana Salomé Ureña 02/08/2018 Alfaguara   BPMSU18020103 02/08/2018 02/08/2018 Libros e.3